000 005610000a22001810004500
003 MACL
005 20160407124537.0
008 160407b xxu||||| |||| 00| 0 eng d
040 _aMACL
_cMACL
041 _aHindi
082 _a500
100 _aसंजीव प्रो
_950929
245 _aउर्जात्‍मक
_bविज्ञान जगत
260 _aनई दिल्‍ली
_bपूजा पुस्‍तक मन्दिर
_c2010
350 _a225
650 _aविज्ञान
_950930
942 _cHIN
_k500
_2ddc
999 _c46797
_d46797